00599nam a2200193Ia 4500008004100000020001400041082001700055100002000072245004100092250000700133260003700140300003000177500001900207600003300226650001500259942000700274952010900281999001500390240925s9999 xx 000 0 und d a205299407 a808.0427 RAM aRamage ,John D. 4aThe Allyn and Bacon Guide to Writing aNA aBoston:bAllyn and Baconc,1997. axxxii,734p.bNAfOriginal aIncludes Index aHumanities & Natural Science aLiterature cBK 001040708HUMaUITUbUITUd2000-08-16eNAl0o808.0427 RAMpQ2806r2024-09-25 07:12:55w2024-09-25yBK c5305d5305